[Event "Niedersachsen-ch Seniors op 13th"]
[Site "Bad Bevensen"]
[Date "2010.07.11"]
[Round "6"]
[White "Weigel, Hans Juergen"]
[Black "Hilbig, Klaus"]
[Result "1/2-1/2"]
[WhiteElo "1689"]
[BlackElo "1523"]
[PlyCount "55"]
[EventDate "2010.07.06"]
[EventType "swiss"]
[EventRounds "9"]
[EventCountry "GER"]
[SourceTitle "EXT 2012"]
[Source "ChessBase"]
[SourceDate "2011.11.24"]
[SourceVersion "1"]
[SourceVersionDate "2011.11.24"]
[SourceQuality "1"]

1. b4 e5 2. Bb2 Nf6 3. Bxe5 Nc6 4. Bb2 Bxb4 5. Nf3 0-0 6. e3 Re8 7. a3 Ba5 8. Be2 d6 9. 0-0 Ne5 10. d4 Nxf3+ 11. Bxf3 d5 12. Nd2 c6 13. Rc1 Bf5 14. Nb3 Bc7 15. c4 Qd6 16. g3 Be4 17. Nc5 Rab8 18. Nxe4 dxe4 19. Bg2 Qd7 20. Qc2 b6 21. d5 Be5 22. Bxe5 Rxe5 23. Rfd1 cxd5 24. cxd5 Ree8 25. Rd4 Rbc8 26. Rc4 Rxc4 27. Qxc4 h6 28. Qc7 1/2-1/2

[Event "Niedersachsen-ch Seniors op 13th"]
[Site "Bad Bevensen"]
[Date "2010.07.08"]
[Round "3"]
[White "Paulsen, Eckart"]
[Black "Weigel, Hans Juergen"]
[Result "1/2-1/2"]
[WhiteElo "1653"]
[BlackElo "1689"]
[PlyCount "68"]
[EventDate "2010.07.06"]
[EventType "swiss"]
[EventRounds "9"]
[EventCountry "GER"]
[SourceTitle "EXT 2012"]
[Source "ChessBase"]
[SourceDate "2011.11.24"]
[SourceVersion "1"]
[SourceVersionDate "2011.11.24"]
[SourceQuality "1"]

1. d4 Nf6 2. c4 c6 3. Nf3 d5 4. g3 dxc4 5. Bg2 Nbd7 6. 0-0 e6 7. a4 c5 8. dxc5 Bxc5 9. Na3 c3 10. Nb5 cxb2 11. Bxb2 0-0 12. Qc2 a6 13. Nc3 Qe7 14. a5 Nb8 15. Na4 Ba7 16. Ba3 Qe8 17. Bxf8 Qxf8 18. Nb6 Bxb6 19. axb6 Nc6 20. Rfd1 Nd5 21. Ng5 g6 22. Bxd5 exd5 23. Qd3 Be6 24. Qe3 Re8 25. Qa3 Qe7 26. Qxe7 Rxe7 27. Nf3 Kf8 28. Nd4 Nxd4 29. Rxd4 Ke8 30. Rc1 Bd7 31. e3 Bc6 32. h4 h5 33. Kf1 Kd7 34. Ke2 Re6 1/2-1/2

[Event "Bad Bevensen Seniors op 12th"]
[Site "Bad Bevensen"]
[Date "2009.07.14"]
[Round "8"]
[White "Schmidt, Manfred"]
[Black "Weigel, Hans Juergen"]
[Result "1/2-1/2"]
[WhiteElo "1926"]
[BlackElo "1788"]
[PlyCount "34"]
[EventDate "2009.07.07"]
[EventType "swiss"]
[EventRounds "9"]
[EventCountry "GER"]
[SourceTitle "EXT 2022"]
[Source "ChessBase"]
[SourceDate "2021.10.06"]
[SourceVersion "1"]
[SourceVersionDate "2021.10.06"]
[SourceQuality "1"]

1. e4 e6 2. d4 d5 3. e5 c5 4. c3 Nc6 5. Nf3 cxd4 6. cxd4 Bb4+ 7. Nc3 Nge7 8. Bd3 a6 9. 0-0 Bd7 10. Be3 Rc8 11. Rc1 b5 12. a3 Ba5 13. b4 Bb6 14. Bb1 Rc7 15. Qb3 Ba7 16. Rfd1 Nc8 17. Bd2 Nb6 1/2-1/2

[Event "Bad Bevensen Seniors op 12th"]
[Site "Bad Bevensen"]
[Date "2009.07.12"]
[Round "6"]
[White "Mewes, Hans Dieter"]
[Black "Weigel, Hans Juergen"]
[Result "0-1"]
[WhiteElo "1708"]
[BlackElo "1788"]
[PlyCount "58"]
[EventDate "2009.07.07"]
[EventType "swiss"]
[EventRounds "9"]
[EventCountry "GER"]
[SourceTitle "EXT 2022"]
[Source "ChessBase"]
[SourceDate "2021.10.06"]
[SourceVersion "1"]
[SourceVersionDate "2021.10.06"]
[SourceQuality "1"]

1. d4 Nf6 2. c4 e6 3. Nc3 d5 4. Nf3 dxc4 5. e3 c5 6. Bxc4 Nc6 7. 0-0 Bd7 8. dxc5 Bxc5 9. Qe2 0-0 10. e4 h6 11. Be3 Bb4 12. Bd2 a6 13. a3 Ba5 14. Rad1 Qc7 15. Rfe1 Ne5 16. Nxe5 Qxe5 17. f4 Qc7 18. Bd3 Rfc8 19. Nb1 Bc6 20. Bxa5 Qxa5 21. Nc3 Bd7 22. Bc2 Qb6+ 23. Qf2 Qxb2 24. Rxd7 Nxd7 25. Qd2 Qxa3 26. e5 Rxc3 27. Rd1 Qc5+ 28. Kh1 Rxc2 29. Qxd7 Qe3 0-1

[Event "Bad Bevensen Seniors op 12th"]
[Site "Bad Bevensen"]
[Date "2009.07.08"]
[Round "2"]
[White "Adibekian, Roubik"]
[Black "Weigel, Hans Juergen"]
[Result "1-0"]
[WhiteElo "2047"]
[BlackElo "1788"]
[PlyCount "41"]
[EventDate "2009.07.07"]
[EventType "swiss"]
[EventRounds "9"]
[EventCountry "GER"]
[SourceTitle "EXT 2022"]
[Source "ChessBase"]
[SourceDate "2021.10.06"]
[SourceVersion "1"]
[SourceVersionDate "2021.10.06"]
[SourceQuality "1"]

1. d4 Nf6 2. Nf3 d5 3. c4 e6 4. g3 Bb4+ 5. Bd2 Bxd2+ 6. Nbxd2 0-0 7. Bg2 Nbd7 8. 0-0 dxc4 9. Nxc4 c5 10. Qc2 Qe7 11. Rac1 Rd8 12. Rfd1 Nd5 13. dxc5 Qxc5 14. Ng5 N5f6 15. Ne4 Qe7 16. Ned6 Rb8 17. Na5 Nb6 18. Ndxb7 Rxd1+ 19. Rxd1 Bxb7 20. Nxb7 Nfd7 21. Na5 1-0

[Event "Niedersachsen-ch Seniors op 11th"]
[Site "Bad Bevensen"]
[Date "2008.07.16"]
[Round "9"]
[White "Von Janta, Lothar"]
[Black "Weigel, Hans Juergen"]
[Result "1/2-1/2"]
[WhiteElo "1702"]
[BlackElo "1819"]
[PlyCount "20"]
[EventDate "2008.07.08"]
[EventType "swiss"]
[EventRounds "9"]
[EventCountry "GER"]
[SourceTitle "EXT 2022"]
[Source "ChessBase"]
[SourceDate "2021.10.06"]
[SourceVersion "1"]
[SourceVersionDate "2021.10.06"]
[SourceQuality "1"]

1. c4 g6 2. d4 Bg7 3. Nc3 e6 4. Nf3 b6 5. e3 Bb7 6. Be2 Nf6 7. 0-0 0-0 8. Qc2 d6 9. b3 e5 10. Rd1 exd4 1/2-1/2

[Event "Niedersachsen-ch Seniors op 11th"]
[Site "Bad Bevensen"]
[Date "2008.07.14"]
[Round "7"]
[White "Prinz, Tade"]
[Black "Weigel, Hans Juergen"]
[Result "0-1"]
[WhiteElo "1478"]
[BlackElo "1819"]
[PlyCount "106"]
[EventDate "2008.07.08"]
[EventType "swiss"]
[EventRounds "9"]
[EventCountry "GER"]
[SourceTitle "EXT 2022"]
[Source "ChessBase"]
[SourceDate "2021.10.06"]
[SourceVersion "1"]
[SourceVersionDate "2021.10.06"]
[SourceQuality "1"]

1. d4 Nf6 2. Nf3 b6 3. Bf4 g6 4. Nbd2 Bg7 5. e3 Bb7 6. Bd3 0-0 7. c3 d6 8. Qe2 Nbd7 9. e4 c5 10. e5 dxe5 11. dxe5 Nd5 12. Bg3 e6 13. Nc4 Qc7 14. Nd6 Bc6 15. Nb5 Qb7 16. h4 h5 17. a3 Rad8 18. a4 Ne7 19. Nd6 Qa8 20. Nc4 Bxf3 21. gxf3 Nc6 22. Be4 Qc8 23. f4 Ne7 24. Nd6 Qc7 25. c4 Nc6 26. Nb5 Qc8 27. Rd1 Ndb8 28. 0-0 a6 29. Rxd8 Rxd8 30. Nd6 Nd4 31. Qe1 Qd7 32. Kg2 Bf8 33. Nb7 Rc8 34. a5 Nbc6 35. Nd6 Rb8 36. f3 Nxa5 37. Qb1 Bxd6 38. exd6 Nxc4 39. Rf2 Nf5 40. Qa2 a5 41. Kh2 Ncxd6 42. Rd2 Rd8 43. Bxf5 exf5 44. Qb3 Qc6 45. Qd1 Qc7 46. Rd5 Nb7 47. Qd2 Rxd5 48. Qxd5 Nd8 49. Kg2 Ne6 50. Qe5 Qd8 51. Bf2 c4 52. Be1 Qc7 53. Bd2 Qxe5 0-1

[Event "Niedersachsen-ch Seniors op 11th"]
[Site "Bad Bevensen"]
[Date "2008.07.11"]
[Round "4"]
[White "Weigel, Hans Juergen"]
[Black "Burreh, Heinz"]
[Result "0-1"]
[WhiteElo "1819"]
[BlackElo "1739"]
[PlyCount "96"]
[EventDate "2008.07.08"]
[EventType "swiss"]
[EventRounds "9"]
[EventCountry "GER"]
[SourceTitle "EXT 2022"]
[Source "ChessBase"]
[SourceDate "2021.10.06"]
[SourceVersion "1"]
[SourceVersionDate "2021.10.06"]
[SourceQuality "1"]

1. b4 e5 2. Bb2 Bxb4 3. Bxe5 Nf6 4. Nf3 0-0 5. e3 b6 6. Bc4 Bb7 7. 0-0 d6 8. Bb2 d5 9. Be2 Bd6 10. c4 c5 11. d4 Nc6 12. dxc5 Bxc5 13. Nc3 d4 14. exd4 Nxd4 15. Nxd4 Qxd4 16. Qxd4 Bxd4 17. Rad1 Rfd8 18. Na4 Bxb2 19. Nxb2 Rac8 20. Rxd8+ Rxd8 21. Rd1 Rxd1+ 22. Nxd1 Kf8 23. f3 Ke7 24. Kf2 Kd6 25. Ke3 Kc5 26. Nb2 Kb4 27. Nd3+ Kxc4 28. Ne5+ Kc3 29. Nxf7 Bd5 30. Nd6 a5 31. a4 Bc6 32. Nc4 Nd5+ 33. Ke4 Kb4 34. Kd4 Nc3 35. Bd3 Nxa4 36. Bxh7 b5 37. Ne5 Be8 38. g4 Nc5 39. Bg8 a4 40. h4 a3 41. Nd3+ Nxd3 42. Kxd3 Bg6+ 43. Kd2 Bb1 44. Kc1 Bd3 45. h5 Kc3 46. Bd5 b4 47. Be4 Bxe4 48. fxe4 a2 0-1

[Event "Niedersachsen-ch Seniors op 11th"]
[Site "Bad Bevensen"]
[Date "2008.07.10"]
[Round "3"]
[White "Krawinkel, Hans Werner"]
[Black "Weigel, Hans Juergen"]
[Result "0-1"]
[WhiteElo "1678"]
[BlackElo "1819"]
[PlyCount "118"]
[EventDate "2008.07.08"]
[EventType "swiss"]
[EventRounds "9"]
[EventCountry "GER"]
[SourceTitle "EXT 2022"]
[Source "ChessBase"]
[SourceDate "2021.10.06"]
[SourceVersion "1"]
[SourceVersionDate "2021.10.06"]
[SourceQuality "1"]

1. c4 g6 2. Nc3 c5 3. g3 Bg7 4. Bg2 Nc6 5. e3 Nf6 6. Nge2 0-0 7. 0-0 d6 8. d3 Bg4 9. h3 Bd7 10. Kh2 a6 11. a3 Rb8 12. Rb1 b5 13. cxb5 axb5 14. b4 cxb4 15. axb4 Qb6 16. d4 Rfc8 17. Bd2 Qd8 18. f4 e5 19. d5 Na7 20. fxe5 dxe5 21. e4 Rc4 22. Be3 Nc8 23. Bc5 Ne8 24. Qe1 Ncd6 25. Qf2 f5 26. exf5 Bxf5 27. g4 Bxb1 28. Rxb1 Nf6 29. Rf1 Rxg4 30. Kh1 Rg5 31. Ng3 Nf5 32. Nge4 Nxe4 33. Nxe4 Rh5 34. d6 Qd7 35. Kh2 Rf8 36. Bf3 Nd4 37. Qg2 Nxf3+ 38. Rxf3 Rxf3 39. Qxf3 Rf5 40. Qg4 Kh8 41. Ng3 Rf7 42. Qe4 Qb7 43. Qxb7 Rxb7 44. Ne4 h6 45. h4 Kg8 46. Kg3 Kf7 47. Be3 Rd7 48. Bc5 Ke6 49. Nc3 Rb7 50. Ne4 Bf6 51. Kg4 Bd8 52. Nc3 h5+ 53. Kg3 Kf5 54. Nd5 e4 55. Ne7+ Bxe7 56. dxe7 Rb8 57. Be3 Ra8 58. Bg5 Ke5 59. Kf2 Kd4 0-1

[Event "Niedersachsen-ch Seniors op 11th"]
[Site "Bad Bevensen"]
[Date "2008.07.09"]
[Round "2"]
[White "Weigel, Hans Juergen"]
[Black "Klose, Hans Peter"]
[Result "1/2-1/2"]
[WhiteElo "1819"]
[BlackElo "1490"]
[PlyCount "44"]
[EventDate "2008.07.08"]
[EventType "swiss"]
[EventRounds "9"]
[EventCountry "GER"]
[SourceTitle "EXT 2022"]
[Source "ChessBase"]
[SourceDate "2021.10.06"]
[SourceVersion "1"]
[SourceVersionDate "2021.10.06"]
[SourceQuality "1"]

1. b4 g6 2. Bb2 Nf6 3. e4 d6 4. Bc4 Bg7 5. Nf3 Be6 6. Bxe6 fxe6 7. Qe2 0-0 8. 0-0 Qd7 9. c4 Nc6 10. a3 e5 11. Nc3 Nd4 12. Nxd4 exd4 13. Nd1 e5 14. d3 Rf7 15. Bc1 Raf8 16. Ra2 Nh5 17. f3 Nf4 18. Bxf4 Rxf4 19. Nf2 Bh6 20. Ng4 Bg5 21. Rd1 h5 22. Nf2 R4f7 1/2-1/2

[Event "Niedersachsen-ch Seniors op 10th"]
[Site "Bad Bevensen"]
[Date "2007.07.11"]
[Round "9"]
[White "Hein, Manfred"]
[Black "Weigel, Hans Juergen"]
[Result "1/2-1/2"]
[WhiteElo "1981"]
[BlackElo "1872"]
[PlyCount "64"]
[EventDate "2007.07.03"]
[EventType "swiss"]
[EventRounds "9"]
[EventCountry "GER"]
[SourceTitle "EXT 2022"]
[Source "ChessBase"]
[SourceDate "2021.10.06"]
[SourceVersion "1"]
[SourceVersionDate "2021.10.06"]
[SourceQuality "1"]

1. d4 Nf6 2. Nf3 d5 3. c4 e6 4. e3 Be7 5. Nc3 0-0 6. Be2 dxc4 7. Bxc4 c5 8. 0-0 Nc6 9. dxc5 Bxc5 10. a3 b6 11. b4 Qxd1 12. Rxd1 Be7 13. Bb2 Bb7 14. Ne2 Rfd8 15. Ng3 Rxd1+ 16. Rxd1 Rd8 17. Rc1 Nd5 18. Bb5 Rc8 19. Ne4 Nb8 20. Rxc8+ Bxc8 21. Be5 Nd7 22. Bg3 N7f6 23. Nd6 Bd7 24. Bxd7 Bxd6 25. Bxd6 Nxd7 26. Nd4 a6 27. Kf1 N5f6 28. Nc2 Ne4 29. Be5 f6 30. Ba1 e5 31. f3 Nd6 32. Ke2 Kf7 1/2-1/2

[Event "Niedersachsen-ch Seniors op 09th"]
[Site "Bad Bevensen"]
[Date "2006.07.02"]
[Round "9"]
[White "Weigel, Hans Juergen"]
[Black "Mentel, Juergen"]
[Result "1-0"]
[WhiteElo "1867"]
[BlackElo "1899"]
[PlyCount "65"]
[EventDate "2006.06.24"]
[EventType "swiss"]
[EventRounds "9"]
[EventCountry "GER"]
[SourceTitle "EXT 2022"]
[Source "ChessBase"]
[SourceDate "2021.10.06"]
[SourceVersion "1"]
[SourceVersionDate "2021.10.06"]
[SourceQuality "1"]

1. b4 d5 2. Bb2 c6 3. e3 Qc7 4. c4 e5 5. cxd5 cxd5 6. Nc3 Nf6 7. Rc1 Qd8 8. Nf3 Bd6 9. Qb3 e4 10. Nd4 Be5 11. Bb5+ Ke7 12. Na4 Bd6 13. 0-0 Bd7 14. Nc3 Be6 15. Nxe6 fxe6 16. Be2 Nc6 17. a3 Rc8 18. d3 exd3 19. Bxd3 Ne5 20. Be2 a6 21. Rfd1 Re8 22. Bf1 Kf8 23. e4 Nc4 24. exd5 Nxb2 25. Qxb2 exd5 26. Qb3 Bf4 27. Rb1 Qd6 28. g3 Be5 29. Nxd5 Nxd5 30. Rxd5 Qe6 31. Rbd1 Rcd8 32. Qf3+ Bf6 33. Rxd8 1-0

[Event "Niedersachsen-ch Seniors op 09th"]
[Site "Bad Bevensen"]
[Date "2006.06.24"]
[Round "3"]
[White "Weigel, Hans Juergen"]
[Black "Schmidt, Manfred"]
[Result "0-1"]
[WhiteElo "1867"]
[BlackElo "1942"]
[PlyCount "48"]
[EventDate "2006.06.24"]
[EventType "swiss"]
[EventRounds "9"]
[EventCountry "GER"]
[SourceTitle "EXT 2022"]
[Source "ChessBase"]
[SourceDate "2021.10.06"]
[SourceVersion "1"]
[SourceVersionDate "2021.10.06"]
[SourceQuality "1"]

1. b4 e5 2. Bb2 Bxb4 3. Bxe5 Nf6 4. e3 Nc6 5. Bb2 0-0 6. Nf3 d5 7. c4 Bg4 8. cxd5 Nxd5 9. Be2 Re8 10. 0-0 Qe7 11. Nd4 Bxe2 12. Nxe2 Rad8 13. Nbc3 Qh4 14. Nxd5 Rxd5 15. d4 Rh5 16. h3 Bd6 17. d5 Ne5 18. Nf4 Rf5 19. Rb1 Rf6 20. Qh5 Rxf4 21. Qxh4 Rxh4 22. Bxe5 Rxe5 23. Rxb7 Rxd5 24. Rb8+ Bf8 0-1

[Event "Niedersachsen-ch Seniors op 09th"]
[Site "Bad Bevensen"]
[Date "2006.06.24"]
[Round "1"]
[White "Weigel, Hans Juergen"]
[Black "Storjohann, Klaus"]
[Result "1/2-1/2"]
[WhiteElo "1867"]
[BlackElo "1777"]
[PlyCount "28"]
[EventDate "2006.06.24"]
[EventType "swiss"]
[EventRounds "9"]
[EventCountry "GER"]
[SourceTitle "EXT 2022"]
[Source "ChessBase"]
[SourceDate "2021.10.06"]
[SourceVersion "1"]
[SourceVersionDate "2021.10.06"]
[SourceQuality "1"]

1. b4 d5 2. Bb2 Bf5 3. e3 e6 4. Nf3 Nf6 5. b5 c5 6. c4 Be7 7. Be2 0-0 8. 0-0 dxc4 9. Bxc4 Bd3 10. Bxd3 Qxd3 11. Nc3 Nbd7 12. Rc1 Rfd8 13. Qb3 b6 14. Rfd1 h6 1/2-1/2

[Event "GER-chT Seniors 14th"]
[Site "Sottrum"]
[Date "2005.09.23"]
[Round "6"]
[White "Luetje, Juergen"]
[Black "Weigel, Hans Juergen"]
[Result "1-0"]
[WhiteElo "2135"]
[BlackElo "2010"]
[PlyCount "53"]
[EventDate "2005.09.18"]
[EventType "team-swiss"]
[EventRounds "7"]
[EventCountry "GER"]
[SourceTitle "CBM 108 Extra"]
[Source "ChessBase"]
[SourceDate "2005.11.04"]
[SourceVersion "1"]
[SourceVersionDate "2005.11.04"]
[SourceQuality "1"]

1. d4 Nf6 2. Nf3 d5 3. e3 Bg4 4. c4 dxc4 5. Bxc4 e6 6. Nc3 Nbd7 7. 0-0 c6 8. Qe2 Be7 9. Bb3 Qa5 10. h3 Bh5 11. e4 0-0 12. Bf4 Rfe8 13. Rad1 Rad8 14. g4 Bg6 15. Nh4 Bxe4 16. Nxe4 Nxe4 17. Qxe4 Bxh4 18. Bd2 Qb6 19. g5 Nf8 20. Qxh4 Rxd4 21. Qg3 Rd7 22. Be3 Qa5 23. Rxd7 Nxd7 24. Rd1 Nc5 25. Bc2 Qb4 26. Qc7 Rf8 27. Rd8 1-0

[Event "GER-chT Seniors 14th"]
[Site "Sottrum"]
[Date "2005.09.22"]
[Round "5"]
[White "Siegmund, Rainer"]
[Black "Weigel, Hans Juergen"]
[Result "1-0"]
[WhiteElo "2128"]
[BlackElo "2010"]
[PlyCount "33"]
[EventDate "2005.09.18"]
[EventType "team-swiss"]
[EventRounds "7"]
[EventCountry "GER"]
[SourceTitle "CBM 108 Extra"]
[Source "ChessBase"]
[SourceDate "2005.11.04"]
[SourceVersion "1"]
[SourceVersionDate "2005.11.04"]
[SourceQuality "1"]

1. d4 Nf6 2. c4 e6 3. Nc3 d5 4. cxd5 exd5 5. Bg5 Be7 6. e3 0-0 7. Bd3 Nbd7 8. Qc2 Re8 9. Nf3 Nf8 10. h3 c6 11. 0-0 Be6 12. Rab1 Qd7 13. Ne5 Qc8 14. f4 Bxh3 15. gxh3 Qxh3 16. Rf3 Qh5 17. Qg2 1-0

[Event "GER-chT Seniors 14th"]
[Site "Sottrum"]
[Date "2005.09.21"]
[Round "4"]
[White "Weigel, Hans Juergen"]
[Black "Boehm, Eckard"]
[Result "1-0"]
[WhiteElo "2010"]
[BlackElo "1944"]
[PlyCount "97"]
[EventDate "2005.09.18"]
[EventType "team-swiss"]
[EventRounds "7"]
[EventCountry "GER"]
[SourceTitle "CBM 108 Extra"]
[Source "ChessBase"]
[SourceDate "2005.11.04"]
[SourceVersion "1"]
[SourceVersionDate "2005.11.04"]
[SourceQuality "1"]

1. b4 e5 2. Bb2 Bxb4 3. Bxe5 Nc6 4. Bxg7 f6 5. Bxh8 Nh6 6. e3 d5 7. Qh5+ Nf7 8. Qxh7 Be6 9. Bb5 a6 10. Bxc6+ bxc6 11. Qh4 Be7 12. Bg7 Kd7 13. Ne2 Nd6 14. Nd4 Nf5 15. Nxf5 Bxf5 16. 0-0 Ke6 17. Nc3 Qg8 18. Qg3 Bd6 19. f4 Qh7 20. Ne2 c5 21. c4 c6 22. Bxf6 Kxf6 23. Qg5+ Kf7 24. Ng3 Bd3 25. Rf2 Rg8 26. Qh5+ Qxh5 27. Nxh5 Rb8 28. g4 Bxc4 29. f5 Be5 30. Re1 Bd3 31. g5 a5 32. g6+ Kg8 33. Ng3 Rf8 34. Kg2 Bxg3 35. Kxg3 Rxf5 36. Rxf5 Bxf5 37. Kf4 Bxg6 38. Kg5 Be4 39. h4 c4 40. h5 a4 41. a3 c5 42. Rg1 Bd3 43. Kf6+ Kh7 44. Ke5 Be4 45. Rg4 Bf3 46. Rf4 Bg2 47. Kd6 Kh6 48. Kxc5 Kxh5 49. Kb4 1-0

[Event "GER-chT Seniors 14th"]
[Site "Sottrum"]
[Date "2005.09.18"]
[Round "1"]
[White "Wiesner, Werner"]
[Black "Weigel, Hans Juergen"]
[Result "1/2-1/2"]
[WhiteElo "2139"]
[BlackElo "2010"]
[PlyCount "42"]
[EventDate "2005.09.18"]
[EventType "team-swiss"]
[EventRounds "7"]
[EventCountry "GER"]
[SourceTitle "CBM 108 Extra"]
[Source "ChessBase"]
[SourceDate "2005.11.04"]
[SourceVersion "1"]
[SourceVersionDate "2005.11.04"]
[SourceQuality "1"]

1. e4 e6 2. d4 d5 3. Bd3 dxe4 4. Bxe4 Nd7 5. c3 Be7 6. Nf3 Ngf6 7. Bc2 0-0 8. 0-0 b6 9. Ne5 Bb7 10. Bg5 c5 11. Nxd7 Qxd7 12. Bxf6 Bxf6 13. dxc5 Qc6 14. f3 Qxc5+ 15. Kh1 Rad8 16. Qe2 Rd7 17. Nd2 Qh5 18. Rfe1 Rfd8 19. Nf1 Be7 20. Rad1 Bc5 21. Rxd7 Rxd7 1/2-1/2

[Event "Bad Bevensen Seniors op 8th"]
[Site "Bad Bevensen"]
[Date "2005.06.26"]
[Round "2"]
[White "Weigel, Hans Juergen"]
[Black "Davydov, Mihail"]
[Result "0-1"]
[WhiteElo "2010"]
[BlackElo "1974"]
[PlyCount "124"]
[EventDate "2005.06.25"]
[EventType "swiss"]
[EventRounds "9"]
[EventCountry "GER"]
[SourceTitle "EXT 2007"]
[Source "ChessBase"]
[SourceDate "2006.11.23"]
[SourceVersion "1"]
[SourceVersionDate "2006.11.23"]
[SourceQuality "1"]

1. b4 e5 2. Bb2 f6 3. e4 Nh6 4. Bc4 b5 5. Bxb5 Bxb4 6. Bc4 Nf7 7. Nc3 0-0 8. Nge2 Ba6 9. Bb3 d6 10. 0-0 Nd7 11. a3 Ba5 12. d3 Rb8 13. Bc1 c6 14. Bd2 Nc5 15. Ba2 Qc7 16. Ng3 Bc8 17. Nh5 Be6 18. Bxe6 Nxe6 19. Qg4 Bxc3 20. Bxc3 Qe7 21. f4 Nh6 22. Qh4 Rb7 23. Rab1 Rfb8 24. Rxb7 Rxb7 25. fxe5 fxe5 26. Qxe7 Rxe7 27. Rb1 Kf7 28. Bd2 Ng8 29. g4 Rd7 30. h4 g6 31. Ng3 Ke7 32. g5 Nd4 33. Rb8 Rd8 34. Rb7+ Rd7 35. Rb8 Kf7 36. Kg2 Nxc2 37. a4 Nd4 38. Be3 c5 39. Bxd4 cxd4 40. Kf2 Rc7 41. Ke2 Ne7 42. Nf1 d5 43. Nd2 dxe4 44. Nxe4 Nf5 45. Rb5 Nxh4 46. Nd6+ Ke6 47. Nc4 Kf5 48. Rxe5+ Kf4 49. Re4+ Kxg5 50. Rxd4 Nf5 51. Rd8 h5 52. Nd2 Kf4 53. Ne4 h4 54. Rg8 Rg7 55. Rh8 Ng3+ 56. Kf2 Nxe4+ 57. dxe4 g5 58. Re8 g4 59. e5 g3+ 60. Kg1 h3 61. e6 Rc7 62. Rf8+ Ke5 0-1

[Event "Hamburg Seniors op 11th"]
[Site "Hamburg"]
[Date "2004.11.14"]
[Round "4"]
[White "Weigel, Hans Juergen"]
[Black "Cassens, Erhard Otto"]
[Result "0-1"]
[WhiteElo "2010"]
[BlackElo "1811"]
[PlyCount "64"]
[EventDate "2004.11.12"]
[EventType "swiss"]
[EventRounds "7"]
[EventCountry "GER"]
[SourceTitle "EXT 2006"]
[Source "ChessBase"]
[SourceDate "2005.11.24"]
[SourceVersion "1"]
[SourceVersionDate "2005.11.24"]
[SourceQuality "1"]

1. b4 d5 2. Bb2 Bf5 3. e3 e6 4. Nf3 Nf6 5. b5 Be7 6. c4 c6 7. a4 h6 8. Nc3 0-0 9. Be2 dxc4 10. Bxc4 Bd3 11. Ne5 Bxc4 12. Nxc4 Nd5 13. 0-0 Nxc3 14. Bxc3 Qd5 15. Qg4 f6 16. Rfb1 h5 17. Qe2 c5 18. e4 Qg5 19. Rb3 Nd7 20. Rf1 Nb6 21. a5 Nxc4 22. Qxc4 Kf7 23. f4 Qg4 24. f5 Rfe8 25. Qxe6+ Kf8 26. e5 c4 27. Rb4 Bc5+ 28. d4 Bxd4+ 29. Kh1 Rxe6 30. Rxc4 Qe2 31. Bb4+ Kg8 32. Rfc1 Rxe5 0-1

[Event "Hamburg Seniors op 11th"]
[Site "Hamburg"]
[Date "2004.11.12"]
[Round "1"]
[White "Jonuscheit, Walter"]
[Black "Weigel, Hans Juergen"]
[Result "0-1"]
[WhiteElo "1649"]
[BlackElo "2010"]
[PlyCount "88"]
[EventDate "2004.11.12"]
[EventType "swiss"]
[EventRounds "7"]
[EventCountry "GER"]
[SourceTitle "EXT 2006"]
[Source "ChessBase"]
[SourceDate "2005.11.24"]
[SourceVersion "1"]
[SourceVersionDate "2005.11.24"]
[SourceQuality "1"]

1. e4 e6 2. d4 d5 3. Nd2 dxe4 4. Nxe4 Nd7 5. Bd3 b6 6. Be3 Bb7 7. Qd2 Ngf6 8. Nxf6+ Nxf6 9. Nf3 Bd6 10. Qe2 0-0 11. g4 Bb4+ 12. c3 Bxc3+ 13. bxc3 Qd5 14. g5 Qxf3 15. Rg1 Qxe2+ 16. Kxe2 Nd5 17. Bd2 Rfe8 18. c4 Ne7 19. Rg4 Rad8 20. Bc3 Nf5 21. a4 Rd7 22. Rd1 Ba6 23. c5 Bxd3+ 24. Rxd3 b5 25. Kd2 c6 26. h4 Ne7 27. Re4 Nd5 28. Bb2 a5 29. f4 Ne7 30. g6 Rd5 31. gxf7+ Kxf7 32. Re5 Nf5 33. h5 Nh6 34. Rde3 Ng4 35. Rxd5 exd5 36. Rg3 Nf6 37. Rh3 Ne4+ 38. Kc2 Nf2 39. Rh2 Ng4 40. Rd2 Kf6 41. Bc1 Kf5 42. Rg2 Re6 43. Rg1 Rh6 44. Rh1 Nf6 0-1

[Event "GER-chT Seniors 12th"]
[Site "Finsterbergen"]
[Date "2003.08.12"]
[Round "3.4"]
[White "Weigel, Hans Juergen"]
[Black "Fronczek, Heinrich"]
[Result "1-0"]
[WhiteElo "1912"]
[BlackElo "2237"]
[PlyCount "142"]
[EventDate "2003.08.10"]
[EventType "team"]
[EventRounds "7"]
[EventCountry "GER"]
[SourceTitle "EXT 2012"]
[Source "ChessBase"]
[SourceDate "2011.11.24"]
[SourceVersion "1"]
[SourceVersionDate "2011.11.24"]
[SourceQuality "1"]
[WhiteTeam "Hamburg"]
[BlackTeam "Wuerttemberg"]
[WhiteTeamCountry "GER"]
[BlackTeamCountry "GER"]

1. b4 e5 2. Bb2 d6 3. e3 f5 4. f4 e4 5. a3 Nf6 6. Bc4 d5 7. Bb3 Be6 8. Ne2 a5 9. Nd4 Bd7 10. b5 c5 11. bxc6 bxc6 12. c4 Na6 13. 0-0 Nc5 14. cxd5 cxd5 15. Nc3 Rb8 16. a4 Nxb3 17. Nxb3 Be7 18. Nxd5 Nxd5 19. Bxg7 Bf6 20. Bxh8 Bxh8 21. Qh5+ Kf8 22. Rab1 Nf6 23. Qg5 Qb6 24. Nc5 Qxb1 25. Nxd7+ Nxd7 26. Rxb1 Rxb1+ 27. Kf2 Nf6 28. Qxf5 h5 29. h3 h4 30. Qg5 Bg7 31. Qxh4 Rb4 32. Qg5 Rxa4 33. g4 Ra1 34. h4 a4 35. h5 a3 36. h6 Nxg4+ 37. Qxg4 Bxh6 38. Qf5+ Kg8 39. Qe6+ Kh7 40. Qxe4+ Kh8 41. Qa8+ Kh7 42. Kf3 Bg7 43. d4 a2 44. Ke4 Bxd4 45. Qb7+ Bg7 46. Qa7 Kh8 47. Kf5 Re1 48. Qxa2 Rxe3 49. Kg6 Rg3+ 50. Kf7 Bh6 51. Qh2 Rg7+ 52. Kf6 Kh7 53. f5 Rg8 54. Ke7 Ra8 55. f6 Ra7+ 56. Ke6 Ra6+ 57. Ke7 Ra7+ 58. Kd8 Ra8+ 59. Kc7 Rg8 60. Qh5 Rg6 61. Qf5 Bf8 62. Kd8 Kh6 63. Qh3+ Kg5 64. f7 Bd6 65. Ke8 Rf6 66. Qg2+ Kh6 67. Qd2+ Bf4 68. Qd4 Rxf7 69. Kxf7 Kg5 70. Qe4 Bg3 71. Ke6 Bh2 1-0